2019-2020 Miami Dolphins Current Roster - Statistics

General Stats
  • This quiz has been taken 176 times
    173 since last reset
  • The average score is 12 of 36
Answer Stats
Hint Answer % Correct
QB Ryan Fitzpatrick
96%
CB Minkah Fitzpatrick
89%
TE Mike Gesicki
71%
QB Josh Rosen
67%
WR DeVante Parker
65%
CB Xavien Howard
63%
Coach Brian Flores
57%
RB Kenyan Drake
54%
WR Albert Wilson
52%
K Jason Sanders
52%
SS Reshad Jones
47%
LB Jerome Baker
44%
DT Christian Wilkins
43%
RB Kalen Ballage
41%
WR Jakeem Grant
39%
P Matt Haack
39%
FS Bobby McCain
29%
CB Eric Rowe
29%
WR Allen Hurns
28%
OL Jesse Davis
26%
DT Davon Godchaux
23%
QB Jake Rudock
19%
OL Daniel Kilgore
18%
RB Mark Walton
18%
DE Charles Harris
14%
OL Michael Deiter
14%
CB Nik Needham
13%
TE Dwayne Allen
12%
TE Nick O'Leary
12%
LS John Denney
11%
LB Vince Biegel
10%
OL Shaq Calhoun
9%
OL Julian Davenport
8%
LB Sam Eguavoen
8%
DE Tank Carradine
6%
WR Brice Butler
5%
No matching quizzes found
Score Distribution
Percent of People with Each Score
Percentile by Number Answered
Your Score History
You have not taken this quiz since the last reset